Handbook of ecological indicators for assessment of ecosystem health / (Record no. 28294)

MARC details
000 -LEADER
fixed length control field 01076cam a2200277 a 4500
001 - CONTROL NUMBER
control field vtls003217272
003 - CONTROL NUMBER IDENTIFIER
control field MY-SjTCS
005 - DATE AND TIME OF LATEST TRANSACTION
control field 20200306154414.0
008 - FIXED-LENGTH DATA ELEMENTS--GENERAL INFORMATION
fixed length control field 110706s2010 fluab 001 0 eng
020 ## - INTERNATIONAL STANDARD BOOK NUMBER
International Standard Book Number 9781439809365 (hbk.)
039 #9 - LEVEL OF BIBLIOGRAPHIC CONTROL AND CODING DETAIL [OBSOLETE]
Level of rules in bibliographic description 201107211516
Level of effort used to assign nonsubject heading access points siew_eng
Level of effort used to assign subject headings 201107061214
Level of effort used to assign classification izani
-- 201105231429
-- malathy
082 04 - DEWEY DECIMAL CLASSIFICATION NUMBER
Classification number 577.27
Item number HAN 2010
245 00 - TITLE STATEMENT
Title Handbook of ecological indicators for assessment of ecosystem health /
Statement of responsibility, etc. edited by Sven E. Jørgensen, Fu-Liu Xu, Robert Costanza.
250 ## - EDITION STATEMENT
Edition statement 2nd ed.
260 ## - PUBLICATION, DISTRIBUTION, ETC.
Place of publication, distribution, etc. Boca Raton, FL :
Name of publisher, distributor, etc. CRC Press/Taylor & Francis,
Date of publication, distribution, etc. c2010.
300 ## - PHYSICAL DESCRIPTION
Extent xiii, 484 p. :
Other physical details ill., maps ;
Dimensions 25 cm.
490 1# - SERIES STATEMENT
Series statement Applied ecology and environmental management
504 ## - BIBLIOGRAPHY, ETC. NOTE
Bibliography, etc. note Includes bibliographical references and index.
650 #0 - SUBJECT ADDED ENTRY--TOPICAL TERM
Topical term or geographic name entry element Ecosystem health.
9 (RLIN) 211334
650 #0 - SUBJECT ADDED ENTRY--TOPICAL TERM
Topical term or geographic name entry element Environmental indicators.
9 (RLIN) 211335
700 1# - ADDED ENTRY--PERSONAL NAME
Personal name Jørgensen, Sven Erik,
Dates associated with a name 1934-
9 (RLIN) 54323
700 1# - ADDED ENTRY--PERSONAL NAME
Personal name Xu, Fu-Liu.
9 (RLIN) 211336
700 1# - ADDED ENTRY--PERSONAL NAME
Personal name Costanza, Robert.
9 (RLIN) 211337
830 #0 - SERIES ADDED ENTRY--UNIFORM TITLE
Uniform title Applied ecology and environmental management.
9 (RLIN) 211338
920 ## - Programme
Programme BMS : 164058
Holdings
Withdrawn status Lost status Source of classification or shelving scheme Damaged status Not for loan Home library Current library Date acquired Total Checkouts Barcode Date last seen Date last checked out Copy number Koha item type Public note
    Dewey Decimal Classification     Taylor's Library-TU Taylor's Library-TU 23/06/2011 1 5000116534 05/12/2019 17/02/2012 1 Main Collection SBSxx,36100,03,GR